[Event "Collado Villaoba op-B 34th"]
[Site "Collado Villalba"]
[Date "2017.08.27"]
[Round "6.18"]
[White "Cebrian Alfaya, Jorge"]
[Black "Melcon Diez, Enrique"]
[Result "0-1"]
[WhiteElo "1527"]
[BlackElo "1634"]
[PlyCount "148"]
[EventDate "2017.08.22"]
[EventType "swiss"]
[EventRounds "9"]
[EventCountry "ESP"]

1. d4 Nf6 2. Bg5 c5 3. Bxf6 gxf6 4. d5 d6 5. c4 Bg7 6. Nc3 Qb6 7. Qb3 Nd7 8.
Qxb6 Nxb6 9. e3 Bd7 10. a4 a5 11. Nge2 Nxc4 12. b3 Ne5 13. Nf4 Rg8 14. Nb5
O-O-O 15. Rc1 f5 16. Nd3 b6 17. Nf4 Bf6 18. Be2 Kb7 19. g3 Ng6 20. Ng2 Kb8 21.
f4 Bc8 22. Kf2 Bb7 23. Rhd1 Rh8 24. Bd3 Bxd5 25. Bc4 Bxc4 26. bxc4 h5 27. Rd5
h4 28. Rxf5 hxg3+ 29. hxg3 Rh2 30. Rd5 Rg8 31. Kf3 Rgh8 32. e4 Bd4 33. Nxd4
cxd4 34. Rxd4 Nf8 35. Rd3 Nd7 36. Rdd1 Nc5 37. Ra1 Nxe4 38. Kxe4 Rxg2 39. Rd3
Rc2 40. Kd4 Rc8 41. Rc3 Rxc3 42. Kxc3 d5 43. Kd3 Rxc4 44. f5 Rg4 45. Re1 Rxg3+
46. Kd4 Rg4+ 47. Kxd5 Rxa4 48. Kc6 Rf4 49. Rxe7 Rxf5 50. Kxb6 Kc8 51. Ra7 Kd8
52. Kc6 Ke8 53. Kd6 Kf8 54. Ra8+ Kg7 55. Ra7 Kg6 56. Ke7 Re5+ 57. Kf8 f5 58.
Rg7+ Kf6 59. Rf7+ Ke6 60. Ra7 Rb5 61. Ra6+ Ke5 62. Ke7 Ke4 63. Kf6 f4 64. Re6+
Kf3 65. Rc6 a4 66. Rc3+ Kg4 67. Ra3 Ra5 68. Ra1 a3 69. Rg1+ Kf3 70. Rf1+ Ke3
71. Re1+ Kf2 72. Re4 f3 73. Rc4 a2 74. Rc2+ Kg3 0-1

[Event "Collado Villaoba op-B 34th"]
[Site "Collado Villalba"]
[Date "2017.08.27"]
[Round "6.19"]
[White "Galan Aguado, Fernando"]
[Black "Ramirez Ocaña, Eneas"]
[Result "1-0"]
[WhiteElo "1618"]
[BlackElo "1385"]
[PlyCount "83"]
[EventDate "2017.08.22"]
[EventType "swiss"]
[EventRounds "9"]
[EventCountry "ESP"]

1. d4 d5 2. Nf3 c6 3. e3 Nf6 4. Bd3 e6 5. Nbd2 Nbd7 6. b3 Be7 7. O-O b6 8. Bb2
h6 9. Ne5 Nxe5 10. dxe5 Nd7 11. f4 Nc5 12. Qg4 O-O 13. Be2 a5 14. Rf3 Re8 15.
Rh3 Kh8 16. Nf3 Ne4 17. Bd3 f6 18. Qg6 f5 19. Bxe4 dxe4 20. Ng5 Bxg5 21. fxg5
Kg8 22. gxh6 Re7 23. Qg5 Ba6 24. hxg7 Rxg7 25. Qh6 Kf7 26. Qh5+ Kg8 27. Rd1 Qe8
28. Qh6 Raa7 29. Rd6 Rae7 30. Ba3 Rh7 31. Rg3+ Rhg7 32. Rxg7+ Rxg7 33. Rxe6 Qd7
34. Rd6 Qe8 35. Rxc6 Qxe5 36. Qe6+ Qxe6 37. Rxe6 Rd7 38. Rd6 Rc7 39. c4 Bc8 40.
Rxb6 a4 41. Bd6 Rd7 42. c5 1-0

[Event "Collado Villaoba op-B 34th"]
[Site "Collado Villalba"]
[Date "2017.08.27"]
[Round "6.20"]
[White "Rufo Yebra, Benito"]
[Black "Vazquez Rodriguez, Francisco"]
[Result "0-1"]
[WhiteElo "1363"]
[BlackElo "1579"]
[PlyCount "92"]
[EventDate "2017.08.22"]
[EventType "swiss"]
[EventRounds "9"]
[EventCountry "ESP"]

1. d4 d5 2. e3 e6 3. Nf3 Nf6 4. Bd3 Bd6 5. Bd2 Nbd7 6. Nc3 b6 7. Qe2 c6 8. h4
Qc7 9. e4 dxe4 10. Nxe4 Nxe4 11. Bxe4 Nf6 12. Bd3 Bb7 13. Ne5 Bxe5 14. dxe5 Nd7
15. Bc3 Rd8 16. O-O-O c5 17. Rhg1 Bd5 18. Bc4 Bc6 19. Qg4 Kf8 20. f4 h5 21. Qg3
g6 22. Qg5 Be4 23. Rd2 Bf5 24. Rgd1 Bg4 25. Rxd7 Rxd7 26. Rxd7 Qxd7 27. b3 Qe7
28. Qf6 Rg8 29. Bb5 Rg7 30. a3 Qc7 31. Bc4 Qd7 32. Qg5 Bf5 33. Qg3 Bg4 34. Qe1
Ke7 35. Bd3 Rg8 36. a4 Rd8 37. Bd2 Qd5 38. f5 Kf8 39. fxg6 fxg6 40. Qe3 Qd4 41.
Qh6+ Ke8 42. Qxg6+ Kd7 43. Qf7+ Kc6 44. Bb5+ Kd5 45. Bc4+ Kxe5 46. Qxe6+ Bxe6
0-1

[Event "Collado Villaoba op-B 34th"]
[Site "Collado Villalba"]
[Date "2017.08.27"]
[Round "6.21"]
[White "Alameda Arellano, Cristeto"]
[Black "Guerra Pantojo, Daniel"]
[Result "1-0"]
[WhiteElo "1577"]
[BlackElo "1390"]
[PlyCount "61"]
[EventDate "2017.08.22"]
[EventType "swiss"]
[EventRounds "9"]
[EventCountry "ESP"]

1. d4 Nf6 2. Bf4 d5 3. e3 e6 4. Nd2 Be7 5. Ngf3 Nbd7 6. Bd3 a6 7. c3 c5 8. Ne5
c4 9. Bc2 Nxe5 10. Bxe5 Bd6 11. f4 Bxe5 12. fxe5 Nd7 13. O-O Qg5 14. Rf3 O-O
15. Rg3 Qh6 16. Rh3 Qg5 17. Bxh7+ Kh8 18. Bc2+ Kg8 19. Qe2 f5 20. Rf1 g6 21.
Rff3 Qe7 22. Rh6 Qg7 23. Rfh3 Rf7 24. Nf3 Nf8 25. Ng5 Rd7 26. Qf2 b5 27. Qh4
Nh7 28. Rxh7 Qxh7 29. Nxh7 Kf7 30. Qf6+ Ke8 31. Qf8# 1-0

[Event "Collado Villaoba op-B 34th"]
[Site "Collado Villalba"]
[Date "2017.08.27"]
[Round "6.22"]
[White "Olmedo Aznar, Eduardo"]
[Black "Aguilera Alonso, Hector"]
[Result "1-0"]
[WhiteElo "1519"]
[BlackElo "1574"]
[PlyCount "97"]
[EventDate "2017.08.22"]
[EventType "swiss"]
[EventRounds "9"]
[EventCountry "ESP"]

1. e4 e5 2. Nf3 Nf6 3. Nxe5 d6 4. Nxf7 Kxf7 5. d4 Bg4 6. Bc4+ Ke8 7. Qd3 Nc6 8.
O-O Nb4 9. Qb3 d5 10. exd5 Nfxd5 11. a3 Nxc2 12. Qxc2 c6 13. Qe4+ Kd7 14. Qxg4+
Kc7 15. Bf4+ Nxf4 16. Qxf4+ Bd6 17. Qf7+ Kb6 18. a4 a6 19. Qe6 Re8 20. Qg4 Qf6
21. Nc3 h5 22. Qd1 g5 23. Re1 Rxe1+ 24. Qxe1 Qg6 25. Qe6 Qxe6 26. Bxe6 Rd8 27.
d5 c5 28. Ne4 Be7 29. Rc1 h4 30. g3 a5 31. Kg2 hxg3 32. fxg3 Ka7 33. Nxc5 Bd6
34. Ne4 Be7 35. Rc7 Bd6 36. Nxd6 Rxd6 37. Rg7 Ka6 38. Rxg5 b5 39. axb5+ Kxb5
40. Rg4 Kc5 41. Rf4 Rd8 42. h4 Rb8 43. Rf2 Kd6 44. h5 Rb4 45. h6 Rb8 46. h7 Rh8
47. Bg8 Ke5 48. Rf7 Kd6 49. g4 1-0

[Event "Collado Villaoba op-B 34th"]
[Site "Collado Villalba"]
[Date "2017.08.27"]
[Round "6.24"]
[White "Olmedo Alvarez, Marcos"]
[Black "Mejias Gonzalez, Pedro"]
[Result "0-1"]
[WhiteElo "1466"]
[BlackElo "1541"]
[PlyCount "56"]
[EventDate "2017.08.22"]
[EventType "swiss"]
[EventRounds "9"]
[EventCountry "ESP"]

1. Nf3 Nf6 2. g3 d5 3. Bg2 c6 4. O-O Bf5 5. d3 Qc8 6. Nbd2 Bh3 7. e4 Bxg2 8.
Kxg2 dxe4 9. dxe4 e6 10. Re1 Be7 11. a3 O-O 12. e5 Nfd7 13. h4 Rd8 14. Qe2 Nf8
15. Nf1 Na6 16. Bg5 Qc7 17. Bxe7 Qxe7 18. N1h2 h6 19. h5 Nh7 20. Nh4 Rd7 21.
Rad1 Rad8 22. Rxd7 Qxd7 23. Qg4 Qd2 24. Re2 Qc1 25. Ng6 Rd1 26. Ne7+ Kf8 27.
Ng6+ fxg6 28. Qxe6 Rg1+ 0-1

[Event "Collado Villaoba op-B 34th"]
[Site "Collado Villalba"]
[Date "2017.08.27"]
[Round "6.25"]
[White "Fernandez Garcia, Emiliano"]
[Black "Merino Conrado, Ricardo"]
[Result "1-0"]
[WhiteElo "1537"]
[BlackElo "1474"]
[PlyCount "186"]
[EventDate "2017.08.22"]
[EventType "swiss"]
[EventRounds "9"]
[EventCountry "ESP"]

1. d4 g6 2. Bf4 Bg7 3. e3 d6 4. Nf3 Nf6 5. h3 O-O 6. Be2 Kh8 7. Bh2 Ng8 8. c4
b6 9. Nc3 Bb7 10. O-O Nd7 11. Rb1 a6 12. Qc2 Rc8 13. b4 f6 14. Rfc1 Nh6 15. Na4
Nf7 16. Qb3 e5 17. c5 Bxf3 18. Bxf3 dxc5 19. dxc5 b5 20. Nc3 c6 21. Rd1 Qe7 22.
Ne4 f5 23. Nd6 Rc7 24. a3 e4 25. Nxf7+ Rxf7 26. Bxc7 exf3 27. Bd6 Qg5 28. g3
Qf6 29. Rd2 h5 30. Rbd1 Kg8 31. Bc7 Nf8 32. Rd6 Qe7 33. Rxc6 Be5 34. Bxe5 Qxe5
35. Rxa6 Kg7 36. Qd3 Kh6 37. Qd4 Qc7 38. Qf4+ Qxf4 39. exf4 Re7 40. c6 h4 41.
gxh4 Ne6 42. Rd7 Re8 43. Kh2 Nxf4 44. c7 Re2 45. Kg3 Nh5+ 46. Kxf3 Rc2 47. Rad6
Rc3+ 48. Rd3 Rc4 49. R3d5 Rc3+ 50. Ke2 Nf4+ 51. Kd2 Nxd5 52. Rxd5 Rxc7 53. Rxb5
Rd7+ 54. Ke3 Re7+ 55. Kf3 Kh5 56. Kg3 Rc7 57. Rc5 Ra7 58. Rc3 g5 59. hxg5 Kxg5
60. h4+ Kf6 61. Kf4 Ra6 62. b5 Ra4+ 63. Kf3 Rxh4 64. Kg2 Rg4+ 65. Kf3 Rh4 66.
Ke2 Re4+ 67. Re3 Ra4 68. b6 f4 69. Rb3 Ra8 70. b7 Rb8 71. a4 Ke6 72. Rb4 Kd7
73. a5 Kc7 74. a6 Re8+ 75. Kf3 Kb8 76. Kxf4 Rh8 77. Ke5 Rh5+ 78. Kf6 Rh6+ 79.
Kf7 Rxa6 80. f4 Rh6 81. f5 Rh7+ 82. Kf8 Rh1 83. f6 Rf1 84. f7 Rf2 85. Rb6 Rf1
86. Ke7 Re1+ 87. Re6 Rc1 88. f8=Q+ Kxb7 89. Qf3+ Kc8 90. Qa8+ Kc7 91. Qa7+ Kc8
92. Qa8+ Kc7 93. Qd8+ Kb7 1-0

[Event "Collado Villaoba op-B 34th"]
[Site "Collado Villalba"]
[Date "2017.08.27"]
[Round "6.26"]
[White "Orta Vazquez, Mario"]
[Black "Martinez Martinez, Antonio"]
[Result "1-0"]
[WhiteElo "1424"]
[BlackElo "1525"]
[PlyCount "71"]
[EventDate "2017.08.22"]
[EventType "swiss"]
[EventRounds "9"]
[EventCountry "ESP"]

1. Nf3 g6 2. c4 Bg7 3. d4 d6 4. Nc3 c6 5. e4 Bg4 6. Be2 Bxf3 7. Bxf3 Qb6 8. Ne2
Qb4+ 9. Bd2 Qxc4 10. b3 Qe6 11. Rc1 Na6 12. O-O Nf6 13. Nf4 Qd7 14. Re1 e5 15.
dxe5 dxe5 16. Ne2 b6 17. Bc3 Qe6 18. Ng3 Rd8 19. Qc2 Nc5 20. Be2 a5 21. Bxa5
Ncxe4 22. Bxb6 Rd2 23. Qxc6+ Qxc6 24. Rxc6 Nxg3 25. hxg3 Rxa2 26. Bc5 Kd7 27.
Bb5 Rd2 28. Rd6+ Kc7 29. Rxd2 Ra8 30. Ba4 Ra5 31. Rc1 Kb7 32. Rd6 Ne4 33. Bc6+
Kc7 34. Bxe4 Rxc5 35. Rxc5+ Kxd6 36. Rd5+ 1-0

[Event "Collado Villaoba op-B 34th"]
[Site "Collado Villalba"]
[Date "2017.08.27"]
[Round "6.29"]
[White "Perez Suchan, Saul Mario"]
[Black "Buergo Villanueva, Fernando"]
[Result "1-0"]
[WhiteElo "1668"]
[BlackElo "1265"]
[PlyCount "111"]
[EventDate "2017.08.22"]
[EventType "swiss"]
[EventRounds "9"]
[EventCountry "ESP"]

1. Nf3 Nf6 2. b3 c5 3. Bb2 Nc6 4. d3 g6 5. c4 Bg7 6. a3 O-O 7. Qc2 a5 8. g3 Re8
9. Bg2 d6 10. O-O e5 11. Nfd2 Nd4 12. Qd1 Bg4 13. f3 Bd7 14. e3 Nf5 15. Qe2 a4
16. bxa4 Bh6 17. e4 Ne3 18. Rf2 Nc2 19. Ra2 Nd4 20. Bxd4 exd4 21. Nf1 Bxa4 22.
f4 Bd7 23. h3 Qc8 24. g4 Bg7 25. Kh2 Bc6 26. Qc2 Ba4 27. Qe2 b5 28. Qd2 bxc4
29. e5 c3 30. Nxc3 dxc3 31. Qxc3 Nxg4+ 32. hxg4 Rb8 33. Bd5 Re7 34. Ne3 dxe5
35. f5 Rb6 36. g5 Qc7 37. f6 e4+ 38. Kg2 Be8 39. fxg7 Re5 40. dxe4 Rxg5+ 41.
Kf1 Rb1+ 42. Ke2 Bb5+ 43. Kd2 Bc6 44. Bxf7+ Qxf7 45. Rxf7 Kxf7 46. Kd3 Rb8 47.
Rf2+ Ke6 48. Qf6+ Kd7 49. Qxg5 Bb5+ 50. Kc3 Kc6 51. Qd5+ Kb6 52. g8=Q Rxg8 53.
Qxg8 Bc6 54. Rf6 Kb5 55. Qb8+ Bb7 56. Qxb7+ 1-0

[Event "Collado Villaoba op-B 34th"]
[Site "Collado Villalba"]
[Date "2017.08.27"]
[Round "6.30"]
[White "Criado Herrero, Luis"]
[Black "Martin Rodriguez, Jose Luis"]
[Result "1-0"]
[WhiteElo "1526"]
[BlackElo "1291"]
[PlyCount "80"]
[EventDate "2017.08.22"]
[EventType "swiss"]
[EventRounds "9"]
[EventCountry "ESP"]

1. e4 e6 2. Nc3 Nc6 3. Nf3 Be7 4. Bb5 a6 5. Be2 d5 6. exd5 exd5 7. d4 Nf6 8. h3
b5 9. a3 h6 10. b4 Be6 11. Bb2 Nd7 12. Bd3 Nb6 13. O-O Qd7 14. Ne2 Bf5 15. Ng3
Bxd3 16. Qxd3 Nc4 17. Bc1 O-O-O 18. c3 g6 19. a4 Kb7 20. axb5 axb5 21. Nd2 h5
22. Nxc4 dxc4 23. Qf3 Qd5 24. Qe2 Rhe8 25. Qc2 Bf8 26. f3 Rd7 27. Ne4 Bg7 28.
Nc5+ Kc8 29. Nxd7 Kxd7 30. Qf2 f6 31. Re1 Rf8 32. Bf4 Nd8 33. Bh2 f5 34. Qg3
Ne6 35. Qxg6 Rf6 36. Qxh5 Rh6 37. Qf7+ Kd8 38. Re5 Qc6 39. d5 Rf6 40. dxc6 Rxf7
1-0

[Event "Collado Villaoba op-B 34th"]
[Site "Collado Villalba"]
[Date "2017.08.27"]
[Round "6.31"]
[White "Rojas Fernandez, Antonio"]
[Black "Rapaport, Andres Natalio"]
[Result "0-1"]
[WhiteElo "1316"]
[BlackElo "1362"]
[PlyCount "49"]
[EventDate "2017.08.22"]
[EventType "swiss"]
[EventRounds "9"]
[EventCountry "ESP"]

1. e4 e6 2. d4 d5 3. exd5 exd5 4. Nf3 Nf6 5. Bg5 Be7 6. Nc3 O-O 7. Bd3 Be6 8.
O-O Nbd7 9. Re1 c6 10. Ne5 Qc7 11. Nxd7 Qxd7 12. Re3 Ng4 13. Rh3 Nxf2 14. Bxh7+
Kh8 15. Bf5+ Nxh3+ 16. gxh3 Bxf5 17. Bxe7 Qxe7 18. Qh5+ Bh7 19. Rf1 g6 20. Qh6
Rae8 21. Rf4 Qe3+ 22. Kg2 Qd2+ 23. Kg3 Re3+ 24. Kg4 Qg2+ 25. Kh4 0-1

[Event "Collado Villaoba op-B 34th"]
[Site "Collado Villalba"]
[Date "2017.08.27"]
[Round "6.33"]
[White "Ramirez Nebot, Eneas"]
[Black "Gijon Molina, Carlos"]
[Result "1-0"]
[WhiteElo "1097"]
[BlackElo "1189"]
[PlyCount "53"]
[EventDate "2017.08.22"]
[EventType "swiss"]
[EventRounds "9"]
[EventCountry "ESP"]

1. e4 c5 2. Nf3 Nc6 3. Bb5 e6 4. Bxc6 bxc6 5. d4 d5 6. e5 cxd4 7. Nxd4 Bb7 8.
Nc3 Bb4 9. Bd2 a5 10. Nce2 Qb6 11. a3 Bxd2+ 12. Qxd2 Qxb2 13. Nb3 a4 14. O-O
axb3 15. Qb4 O-O-O 16. Nd4 c5 17. Qxc5+ Kb8 18. Rfb1 Qc1+ 19. Rxc1 b2 20. Rab1
bxc1=Q+ 21. Rxc1 f6 22. Rb1 Rd7 23. Nc6+ Kc8 24. Na5+ Kb8 25. Qf8+ Ka7 26. Nc6+
Ka6 27. Nb8+ 1-0

[Event "Collado Villaoba op-B 34th"]
[Site "Collado Villalba"]
[Date "2017.08.28"]
[Round "7.1"]
[White "Khudov, Oleksandr"]
[Black "Gonzalez Pabollet, Jesus Maria"]
[Result "1-0"]
[WhiteElo "1838"]
[BlackElo "1873"]
[PlyCount "91"]
[EventDate "2017.08.22"]
[EventType "swiss"]
[EventRounds "9"]
[EventCountry "ESP"]

1. d4 d5 2. Bf4 c6 3. e3 Nf6 4. c4 dxc4 5. Bxc4 Nd5 6. Bg3 Qa5+ 7. Nd2 e6 8. a3
b5 9. Be2 Nd7 10. Ngf3 Be7 11. e4 N5f6 12. O-O Bb7 13. b4 Qb6 14. h3 a5 15. Qb3
O-O 16. Qb2 Ra7 17. Ne5 Rfa8 18. Nd3 Qd8 19. f3 Qf8 20. Nc5 Nxc5 21. dxc5 Nh5
22. Bh2 Rd8 23. Bc7 Rd7 24. Bh2 Ra8 25. Rfd1 Rad8 26. e5 Bg5 27. Ne4 Be3+ 28.
Kh1 Nf4 29. Bxf4 Bxf4 30. g3 Be3 31. Nd6 Bg5 32. f4 Be7 33. Bf3 Bxd6 34. cxd6
f6 35. Bg2 fxe5 36. fxe5 Qf5 37. Rf1 Qg5 38. Qc3 Qh6 39. Kh2 Rc8 40. Rac1 axb4
41. axb4 Qg6 42. Qd4 Ra8 43. Bxc6 Ra2+ 44. Rf2 Bxc6 45. Rxa2 Bd5 46. Rc8+ 1-0

[Event "Collado Villaoba op-B 34th"]
[Site "Collado Villalba"]
[Date "2017.08.28"]
[Round "7.2"]
[White "Cuellar Gutierrez, Raul"]
[Black "Diaz Lopez, Victor"]
[Result "1-0"]
[WhiteElo "1878"]
[BlackElo "1800"]
[PlyCount "129"]
[EventDate "2017.08.22"]
[EventType "swiss"]
[EventRounds "9"]
[EventCountry "ESP"]

1. e4 d5 2. exd5 Qxd5 3. d4 e5 4. Be3 exd4 5. Nc3 Bb4 6. Bxd4 Bxc3+ 7. Bxc3
Qxd1+ 8. Rxd1 f6 9. Bc4 Nc6 10. Nf3 Bd7 11. O-O O-O-O 12. b4 Nge7 13. b5 Nb8
14. Nd4 c6 15. Ne6 Bxe6 16. Bxe6+ Kc7 17. Rb1 Nd5 18. Bd2 Rhe8 19. Bf5 Re2 20.
Be1 g6 21. Bd3 Re7 22. g3 c5 23. a4 b6 24. a5 Nd7 25. axb6+ axb6 26. c4 Ne5 27.
Be2 Nb4 28. Bxb4 cxb4 29. Rfc1 Rd2 30. Kf1 f5 31. c5 bxc5 32. Rxc5+ Kb6 33.
Rcc1 Nd3 34. Bxd3 Rxd3 35. Rxb4 Rd5 36. Rcb1 Ra7 37. Kg2 g5 38. R4b2 Ra4 39.
Re2 Rad4 40. Re6+ Rd6 41. Rxd6+ Rxd6 42. Re1 Rd5 43. Re7 h5 44. Rh7 h4 45. gxh4
gxh4 46. Rxh4 Kxb5 47. Rh8 Kc5 48. Re8 Kd4 49. Kg3 Rc5 50. Kf4 Rc7 51. Rd8+ Kc5
52. h4 Rh7 53. Kg5 Rg7+ 54. Kxf5 Rf7+ 55. Kg6 Rxf2 56. h5 Rg2+ 57. Kh7 Kc6 58.
h6 Kc7 59. Rg8 Rf2 60. Rg6 Kd7 61. Kg7 Ke7 62. h7 Rf7+ 63. Kh6 Rf8 64. Rg8 Kf7
65. Rxf8+ 1-0

[Event "Collado Villaoba op-B 34th"]
[Site "Collado Villalba"]
[Date "2017.08.28"]
[Round "7.3"]
[White "Gamboa Ondono, Jesus"]
[Black "Menguez Rodriguez, Felipe"]
[Result "0-1"]
[WhiteElo "1772"]
[BlackElo "1736"]
[PlyCount "38"]
[EventDate "2017.08.22"]
[EventType "swiss"]
[EventRounds "9"]
[EventCountry "ESP"]

1. d4 d5 2. Nf3 e6 3. e3 Nf6 4. Bd3 g6 5. Nbd2 Nbd7 6. b3 Bg7 7. Bb2 O-O 8. O-O
b6 9. Qe2 Bb7 10. e4 dxe4 11. Nxe4 Nd5 12. Qd2 c5 13. a3 Qc7 14. Rfe1 Rfd8 15.
Bf1 N7f6 16. Ng3 h5 17. c4 Nf4 18. Ne5 Bh6 19. Ne2 Nh3+ 0-1

[Event "Collado Villaoba op-B 34th"]
[Site "Collado Villalba"]
[Date "2017.08.28"]
[Round "7.4"]
[White "Camarero Izquierdo, Juan Carlos"]
[Black "Medrano Del Val, Julio"]
[Result "0-1"]
[WhiteElo "1844"]
[BlackElo "1823"]
[PlyCount "56"]
[EventDate "2017.08.22"]
[EventType "swiss"]
[EventRounds "9"]
[EventCountry "ESP"]

1. d4 Nf6 2. Nc3 d5 3. Bg5 e6 4. e4 dxe4 5. Nxe4 Be7 6. Bxf6 gxf6 7. Nf3 f5 8.
Ng3 Nd7 9. Bd3 Nf6 10. O-O O-O 11. c4 c6 12. Re1 Kh8 13. Qe2 Bb4 14. Red1 Rg8
15. Ne5 Qf8 16. Nh5 Nxh5 17. Qxh5 Rg7 18. Bf1 Bd6 19. Rd3 f6 20. Nf3 Rg6 21.
Qh3 b6 22. Re1 Bd7 23. Nd2 Rh6 24. Qf3 Bxh2+ 25. Kh1 Bg3+ 26. Kg1 Rh1+ 27. Kxh1
Qh6+ 28. Kg1 Qh2# 0-1

[Event "Collado Villaoba op-B 34th"]
[Site "Collado Villalba"]
[Date "2017.08.28"]
[Round "7.5"]
[White "Muñoz Morato, Miguel"]
[Black "Sotoca Aguado, Jose"]
[Result "1/2-1/2"]
[WhiteElo "1659"]
[BlackElo "1885"]
[PlyCount "121"]
[EventDate "2017.08.22"]
[EventType "swiss"]
[EventRounds "9"]
[EventCountry "ESP"]

1. e4 c6 2. d4 d5 3. exd5 cxd5 4. Nf3 Nf6 5. Bd3 e6 6. Bg5 Be7 7. O-O O-O 8. c3
Nc6 9. Qc2 h6 10. Bf4 Bd7 11. Nbd2 Rc8 12. a3 Nh5 13. Be5 Nxe5 14. Nxe5 Nf4 15.
Nxd7 Qxd7 16. Nf3 Bd6 17. Rfe1 a6 18. Bf1 b5 19. g3 Nh5 20. Qe2 Nf6 21. Rec1
Rb8 22. Ne1 Rfc8 23. Nd3 Ne4 24. f3 Ng5 25. b4 Re8 26. f4 Ne4 27. Bg2 f5 28.
Bxe4 fxe4 29. Nc5 Qc6 30. Qh5 Bxc5 31. bxc5 Rf8 32. Rf1 Rf5 33. Qe2 Rbf8 34. h4
R5f7 35. Qg4 Rf6 36. Qe2 Kh7 37. Kg2 R6f7 38. Qg4 Rf6 39. Qe2 Rb8 40. Rfb1 Rff8
41. Qg4 Rb7 42. Qe2 Rfb8 43. Rb2 Qc7 44. Qd1 Rf8 45. Rab1 Qa5 46. Qb3 Rbf7 47.
Rc1 Qc7 48. Qb4 Rxf4 49. gxf4 Qxf4 50. Rcc2 Qg4+ 51. Kh2 Qxh4+ 52. Kg2 Rf3 53.
Rf2 Qg5+ 54. Kh1 Rh3+ 55. Rh2 Qc1+ 56. Kg2 Rf3 57. Rf2 Qg5+ 58. Kf1 Qc1+ 59.
Kg2 Qg5+ 60. Kf1 Qc1+ 61. Kg2 1/2-1/2

[Event "Collado Villaoba op-B 34th"]
[Site "Collado Villalba"]
[Date "2017.08.28"]
[Round "7.6"]
[White "Olias Muñoz, Francisco"]
[Black "Carrasco Coquillat, Jorge"]
[Result "0-1"]
[WhiteElo "1865"]
[BlackElo "1654"]
[PlyCount "86"]
[EventDate "2017.08.22"]
[EventType "swiss"]
[EventRounds "9"]
[EventCountry "ESP"]

1. e4 c5 2. Nf3 d6 3. d4 cxd4 4. Nxd4 Nf6 5. Nc3 g6 6. Be3 Bg7 7. f3 O-O 8. Bc4
Nc6 9. Qd2 Bd7 10. O-O-O Rc8 11. Bb3 Ne5 12. h4 h5 13. Bg5 Rc5 14. Nd5 Nxd5 15.
Bxd5 b5 16. g4 hxg4 17. h5 Rxd5 18. exd5 Nxf3 19. Nxf3 gxf3 20. hxg6 fxg6 21.
Bh6 Bf5 22. Bxg7 Kxg7 23. Qh6+ Kf7 24. Qh7+ Ke8 25. Rde1 f2 26. Re2 Bd3 27.
Rxf2 Rxf2 28. Qg8+ Kd7 29. Qe6+ Kc7 30. cxd3 Qf8 31. Qxg6 Qf4+ 32. Kb1 Qd4 33.
Rc1+ Kb7 34. Rc2 Rxc2 35. Kxc2 Qxd5 36. Qe8 Qc6+ 37. Qxc6+ Kxc6 38. Kc3 Kc5 39.
b4+ Kd5 40. Kd2 Kd4 41. Kc2 d5 42. Kd2 e5 43. Kc2 Ke3 0-1

[Event "Collado Villaoba op-B 34th"]
[Site "Collado Villalba"]
[Date "2017.08.28"]
[Round "7.7"]
[White "Tirado Parra, Alberto"]
[Black "Criado Riesgo, Manuel"]
[Result "1-0"]
[WhiteElo "1863"]
[BlackElo "1646"]
[PlyCount "69"]
[EventDate "2017.08.22"]
[EventType "swiss"]
[EventRounds "9"]
[EventCountry "ESP"]

1. e4 d5 2. Nc3 d4 3. Nce2 e5 4. Ng3 Nf6 5. Nf3 Bg4 6. h3 Bxf3 7. Qxf3 c5 8.
Bc4 Nbd7 9. O-O a6 10. a4 Be7 11. d3 O-O 12. Nf5 Re8 13. Qg3 Nh5 14. Nh6+ Kf8
15. Qf3 Nhf6 16. Nxf7 Qc7 17. Ng5 Bd6 18. Nxh7+ Ke7 19. Bg5 Rh8 20. Qf5 Rae8
21. Rae1 Kd8 22. f4 exf4 23. Be6 Rxe6 24. Qxe6 Rxh7 25. Qg8+ Ke7 26. Qxh7 Kf7
27. Bxf6 Nxf6 28. Qh4 Be5 29. Re2 c4 30. Rf3 Qc6 31. Qg5 cxd3 32. cxd3 Qxa4 33.
Qxe5 Qd1+ 34. Kf2 Qh1 35. Qxf4 1-0

[Event "Collado Villaoba op-B 34th"]
[Site "Collado Villalba"]
[Date "2017.08.28"]
[Round "7.8"]
[White "Fernandez Estremera, Fernando"]
[Black "Mataix Fernandez, Ricardo"]
[Result "1/2-1/2"]
[WhiteElo "1722"]
[BlackElo "1762"]
[PlyCount "57"]
[EventDate "2017.08.22"]
[EventType "swiss"]
[EventRounds "9"]
[EventCountry "ESP"]

1. d4 e6 2. c4 f5 3. Nc3 Nf6 4. Bg5 d5 5. Bxf6 gxf6 6. cxd5 exd5 7. e3 h5 8.
Be2 h4 9. Bh5+ Ke7 10. Nh3 Bh6 11. Qf3 c6 12. Bg6 Na6 13. Bxf5 Bxf5 14. Qxf5
Qd6 15. O-O Rag8 16. e4 Nc7 17. Rfe1 Bd2 18. e5 fxe5 19. Rxe5+ Kd8 20. Rd1 Rf8
21. Qg4 Rfg8 22. Qf5 Rf8 23. Qg4 Rfg8 24. Ng5 Bxg5 25. Rxg5 Re8 26. Rh5 Rxh5
27. Qxh5 Qf6 28. Na4 b6 29. Nc3 1/2-1/2

[Event "Collado Villaoba op-B 34th"]
[Site "Collado Villalba"]
[Date "2017.08.28"]
[Round "7.9"]
[White "Alvarez Gonzalez, Eduardo"]
[Black "Enriquez Pastor, Jorge"]
[Result "1-0"]
[WhiteElo "1761"]
[BlackElo "1472"]
[PlyCount "121"]
[EventDate "2017.08.22"]
[EventType "swiss"]
[EventRounds "9"]
[EventCountry "ESP"]

1. d4 Nf6 2. Nf3 d6 3. c4 g6 4. Nc3 Bg7 5. e4 O-O 6. Be2 e5 7. O-O Nc6 8. d5
Ne7 9. Nd2 Nd7 10. b4 f5 11. f3 f4 12. Nb3 b6 13. Ba3 a5 14. bxa5 bxa5 15. Na4
Nb6 16. Nc3 Ba6 17. c5 Bxe2 18. Qxe2 a4 19. Nd2 dxc5 20. Bxc5 Nd7 21. Ba3 c6
22. dxc6 Qb6+ 23. Qf2 Nxc6 24. Qxb6 Nxb6 25. Rab1 Rfb8 26. Bd6 Rb7 27. Nd5 Rd8
28. Bc5 Nxd5 29. Rxb7 Ne3 30. Bxe3 fxe3 31. Nc4 e2 32. Re1 Rd1 33. Rb1 Rxe1+
34. Rxe1 Nd4 35. Kf2 Bf6 36. Rxe2 Nxe2 37. Kxe2 Kf7 38. Nb6 a3 39. Nc4 Ke6 40.
Nxa3 Be7 41. Nc4 Bc5 42. Kd3 h5 43. a4 g5 44. h3 Bd4 45. Nd2 Kd7 46. Kc4 Kc6
47. Nb3 Ba7 48. Nc1 Bb8 49. Nd3 Bd6 50. Nb4+ Kb6 51. Nd5+ Ka5 52. Nf6 Kxa4 53.
Nxh5 Ba3 54. Nf6 Ka5 55. Kd5 Kb6 56. Kxe5 Bb2+ 57. Kf5 Bc1 58. Nh7 Kc6 59. Nxg5
Kd6 60. e5+ Ke7 61. h4 1-0

[Event "Collado Villaoba op-B 34th"]
[Site "Collado Villalba"]
[Date "2017.08.28"]
[Round "7.10"]
[White "Galan Aguado, Fernando"]
[Black "Santos Garay-Cordovil, Salvador"]
[Result "1-0"]
[WhiteElo "1618"]
[BlackElo "1825"]
[PlyCount "71"]
[EventDate "2017.08.22"]
[EventType "swiss"]
[EventRounds "9"]
[EventCountry "ESP"]

1. d4 Nf6 2. Nf3 e6 3. e3 c5 4. Bd3 Nc6 5. O-O d5 6. b3 cxd4 7. exd4 Bd6 8. Bb2
O-O 9. Re1 Qc7 10. a3 a6 11. Nbd2 b5 12. Ne5 Re8 13. Ndf3 Bb7 14. Ng5 Nd8 15.
Qf3 h6 16. Nh3 Ne4 17. g3 f5 18. Nf4 Bxe5 19. dxe5 Nf7 20. Ng6 Neg5 21. Qh5 d4
22. Nh4 Nxe5 23. Be2 Qc6 24. f3 Qc5 25. Kf1 Rad8 26. Rad1 d3 27. Bxd3 Nexf3 28.
Nxf3 Nxf3 29. Qg6 Qg1+ 30. Ke2 Qg2+ 31. Ke3 f4+ 32. Kxf4 Rf8+ 33. Ke3 Ne5 34.
Qh7+ Kf7 35. Rf1+ Bf3 36. Bxe5 1-0

[Event "Collado Villaoba op-B 34th"]
[Site "Collado Villalba"]
[Date "2017.08.28"]
[Round "7.11"]
[White "Melcon Diez, Enrique"]
[Black "Sanz Toledano, Alfonso"]
[Result "1/2-1/2"]
[WhiteElo "1634"]
[BlackElo "1818"]
[PlyCount "41"]
[EventDate "2017.08.22"]
[EventType "swiss"]
[EventRounds "9"]
[EventCountry "ESP"]

1. c4 Nc6 2. Nc3 e5 3. Nf3 Bb4 4. Nd5 e4 5. Nd4 Nxd4 6. Nxb4 Nf6 7. e3 Nc6 8.
Nxc6 bxc6 9. d3 exd3 10. Bxd3 d6 11. O-O O-O 12. b3 Bg4 13. Qc2 Bh5 14. Bb2 Bg6
15. Bxg6 hxg6 16. Bxf6 Qxf6 17. Rad1 c5 18. Rd2 Rfe8 19. Rfd1 Re5 20. h3 Rh5
21. Qe4 1/2-1/2